Democracia, conocimiento y cultura / (Record no. 160529)

MARC details
000 -CABECERA
campo de control de longitud fija 00817nam a2200229 u 4500
005 - FECHA Y HORA DE LA ÚLTIMA TRANSACCIÓN
campo de control 20240913063900.0
008 - ELEMENTOS DE LONGITUD FIJA--INFORMACIÓN GENERAL
campo de control de longitud fija 121112s2012 mx r 000 0 spa d
020 ## - NÚMERO INTERNACIONAL NORMALIZADO PARA LIBROS
Número Internacional Estándar del Libro 9786070232107 (UNAM)
020 ## - NÚMERO INTERNACIONAL NORMALIZADO PARA LIBROS
Número Internacional Estándar del Libro 9786077588610 (Bonilla Artigas)
035 ## - NÚMERO DE CONTROL DEL SISTEMA
Número de control de sistema UPN01000188426
049 ## - COLECCIÓN
Colección CG
050 #4 - SIGNATURA TOPOGRÁFICA DE LA BIBLIOTECA DEL CONGRESO
Número de clasificación JC423
Número de documento/Ítem D4.8
245 00 - MENCIÓN DE TÍTULO
Título Democracia, conocimiento y cultura /
Mención de responsabilidad, etc. comp. Rosalba Casas Guerrero.
260 ## - PUBLICACIÓN, DISTRIBUCIÓN, ETC.
Lugar de publicación, distribución, etc. México :
Nombre del editor, distribuidor, etc. UNAM, Instituto de Investigaciones Sociales :
-- Bonilla Artigas,
Fecha de publicación, distribución, etc. 2012.
300 ## - DESCRIPCIÓN FÍSICA
Extensión 406 p.
440 #0 - MENCIÓN DE SERIE/ASIENTO SECUNDARIO--TÍTULO
Título Pensar el mundo desde las ciencias sociales, hoy
500 ## - NOTA GENERAL
Nota general Libro conmemorativo del 80º aniversario del Instituto de Investigaciones Sociales
650 #4 - ASIENTO SECUNDARIO DE MATERIA - TERMINO TEMATICO
Término de materia o nombre geográfico como elemento de entrada Democracia
Subdivisión geográfica México
9 (RLIN) 13249
650 #4 - ASIENTO SECUNDARIO DE MATERIA - TERMINO TEMATICO
Término de materia o nombre geográfico como elemento de entrada Democracia
9 (RLIN) 6020
700 1# - ASIENTO SECUNDARIO--NOMBRE DE PERSONAL
Nombre de persona Casas Guerrero, Rosalba,
Término indicativo de función/relación comp.
905 ## - TIPO DE MATERIAL
Tipo de material Libro
Holdings
Estado de retiro Estado de pérdida Fuente del sistema de clasificación o colocación Estado dañado No para préstamo Código de colección Localización permanente Ubicación/localización actual Ubicación en estantería Total de préstamos Clasificación Código de barras Fecha visto por última vez Número de copia Tipo de ítem Koha
    Library of Congress Classification     Colección General Bib. Gregorio Torres Quintero Bib. Gregorio Torres Quintero Planta baja 2 JC423 D4.8 286801 31/12/2020 1 Libro